banner-ar

العشوائيات مشاكل وحلول / (Record no. 62864)

MARC details
000 -الفاتح
حقل البيانات ثابتة الطول 00872nam a22002297a 4500
005 - وقت وتاريخ اخر تعامل مع التسجيلة
رقم الضبط 20240530110611.0
008 - عناصر البيانات ثابتة الطول - معلومات عامة
حقل البيانات ثابتة الطول 160809s2013 ua ab g 000 0 ara d
017 ## - رقم الايداع القانونى
رقم الايداع القانونى 1603/2013
المصدر ( الهيئة المختصة) مصر . دار الكتب المصريه .
020 ## - الرقم الدولى المعيارى للكتب
الرقم الدولى المعيارى للكتاب 978977528211
040 ## - مصدر الفهرسة
وكالة الفهرسة الأصلية EG-CaGPL
082 04 - رقم تصنيف ديوى العشرى
رقم الطبعة 21
رقم التصنيف 307.34\
رقم المادة ع ع
100 0# - المدخل الرئيسى - إسم شخصى
الإسم الشخصى عبدالرحيم قاسم قناوى
245 12 - بيان العنوان
العنوان العشوائيات مشاكل وحلول /
بيان المسئوليه,etc عبدالرحيم قاسم قناوى
260 ## - PUBLICATION, DISTRIBUTION, ETC. (IMPRINT)
تاريخ النشر أو التوزيع 2013 .
300 ## - الوصف المادى
التعداد 233 ص :
تفاصيل ماديه اخرى للوعاء ايض ؛
أبعاد الوعاء 24 سم .
504 ## - تبصرة ببليوجرافية
تبصرة ببليوجرافية,الخ ببليوجرافيه : ص 228 - 233 .
650 04 - المدخل الاضافى بالموضوع-مصطلح موضوعى
مصطلح موضوعي العشوائيات
التقسيم الفرعي العام مشاكل .
650 04 - المدخل الاضافى بالموضوع-مصطلح موضوعى
مصطلح موضوعي العشوائيات
التقسيم الفرعي الجغرافي مصر .
650 04 - المدخل الاضافى بالموضوع-مصطلح موضوعى
مصطلح موضوعي الانفجار السكاني .
942 ## - عناصر المدخل الإضافي( كوها)
مصدر التصنيف او مخطط الترفيف Dewey Decimal Classification
Koha [default] item type كتاب
260 ## - PUBLICATION, DISTRIBUTION, ETC. (IMPRINT)
-- القاهره :
-- مكتبه الانجلو المصريه ،
Holdings
حالة التراجع حالة الفقد حالة تلف ليس للاعارة المكان المؤقت الموقع الحالى موقع الترفيف تاريخ الاكتساب اجمالي اﻻعارات رقم الطلب الباركود تاريخ اخر مشاهدة تاريخ تفعيل السعر نوع وعاء كوها
        مكتبة القاهرة الكبرى مكتبة القاهرة الكبرى القاعة الرئيسية 11/17/2016   307.34\ ع ع 162754 11/17/2016 11/17/2016 كتاب

Powered By

EGPV